000 00610nam a2200229Ia 4500
003 OSt
005 20220928102903.0
006 a|||||r|||| 00| 0
007 ta
008 220927b |||||||| |||| 00| 0 eng d
024 _a93398
037 _cTextual
040 _aSDCL
_cSDCL
_beng
041 _2eng
_aeng
082 _aO152,1M89,1, K9
100 _aBharti Susheela
_9401101
245 0 _aKamayani itihaas aur roopak.
260 _aHydrabad
_bMilind Prakashan
_c1969
300 _a188p
_ccm.
942 _hO152,1M89,1, K9
_cTEXL
_2CC
999 _c716975
_d716975